000 00381nam a22001457a 4500
008 211015b ||||| |||| 00| 0 eng d
020 _a9787513817387
040 _cDLC
082 _a915.1035 SIN
100 _aSinolingua
_983220
245 _aChina close-up: living chinese culture
_cSinolingua
260 _aBeijing
_bSinolingua
_c2019
300 _a159p
_eCD
942 _2ddc
_cBK
999 _c587853
_d587853